| Tag |
First Indicator |
Second Indicator |
Subfields |
| LEADER |
00000cam a2200000 a 4500 |
| 001 |
in00001034413 |
| 005 |
20150928152117.0 |
| 008 |
860902s1983 mdu 00010 eng d |
| 035 |
|
|
|a (OCoLC)14172119
|
| 035 |
|
|
|9 AFH2809AM
|
| 040 |
|
|
|a MSA
|c MSA
|d m/c
|d TXA
|d UtOrBLW
|
| 049 |
|
|
|a TXAM
|
| 090 |
|
|
|a HD69.C6
|b B47 1983
|
| 100 |
1 |
|
|a Bermont, Hubert Ingram.
|
| 245 |
1 |
0 |
|a How successful consultants get clients in today's economic recession /
|c by Hubert Bermont.
|
| 264 |
|
1 |
|a Glenelg, Md. :
|b Consultant's Library,
|c 1983.
|
| 300 |
|
|
|a 24 pages ;
|c 22 cm.
|
| 336 |
|
|
|a text
|b txt
|2 rdacontent
|
| 337 |
|
|
|a unmediated
|b n
|2 rdamedia
|
| 338 |
|
|
|a volume
|b nc
|2 rdacarrier
|
| 650 |
|
0 |
|a Business consultants.
|
| 999 |
|
|
|a MARS
|
| 999 |
f |
f |
|s c25ec833-4b80-32b3-8bd0-48a26c49fe0c
|i e9fff888-8930-3c98-87e1-c5785e3edcaf
|t 0
|
| 952 |
f |
f |
|p ric
|a Texas A&M University
|b Rellis Campus
|c Joint Library Facility
|d Remote Storage
|t 0
|e HD69.C6 B47 1983
|h Library of Congress classification
|i unmediated -- volume
|m A14813786395
|
| 998 |
f |
f |
|a HD69.C6 B47 1983
|t 0
|l Remote Storage
|